| 000 | 00438nam a2200133 4500 | ||
|---|---|---|---|
| 008 | 031017s1957 us eng | ||
| 090 |
_aBS2805.2 _bEp7s |
||
| 100 | 1 | _aEpp, Theodore H. | |
| 245 | 1 | 0 |
_aStudies in the general epistle of John / _cTheodore H. Epp. |
| 260 |
_aChicago : _bMoody, _cc1957. |
||
| 300 | _a128 p. | ||
| 650 | 4 | _aBible. N.T. Epistles of John. | |
| 951 |
_p506 _x00004123 _oBS2805.2/Ep7s-2 _j070613111318953 _d2000-12-21 _cGC |
||
| 999 |
_c17860 _d17860 |
||